000
00300nam a22001337a 4500
008
170828b xxu||||| |||| 00| 0 eng d
020
_a
175127869012008000421010
041
_a
eng
080
_a
070
100
_a
070
101
_a
MED
245
_a
JOURNALISM PRACTICE
_c
JONES.R
942
_2
udc
_c
BK
999
_c
25150
_d
25150